deadmau5 Discography - Statistics

General Stats
  • This quiz has been taken 36 times
    28 since last reset
  • The average score is 18 of 42
Answer Stats
Type Year Name % Correct
Album 2010 4×4=12
100%
Album 2012 > album title goes here
100%
Album 2008 Random Album Title
100%
Album 2009 For Lack of a Better Name
89%
Album 2014 while(1<2)
83%
Album 2005 Get Scraped
78%
Album 2016 W:/2016ALBUM/
78%
Soundtrack 2019 Polar (Music from the Netflix Film)
72%
Album 2006 Vexillology
72%
Compilation 2008 At Play
67%
Compilation 2009 At Play Vol. 2
67%
Compilation 2010 At Play Vol. 3
67%
Compilation 2012 At Play Vol. 4
67%
Compilation 2014 At Play Vol. 5
67%
Compilation 2018 Where's the Drop?
61%
Compilation 2014 5 Years of mau5
50%
EP 2018 Mau5ville: Level 1
44%
EP 2018 Mau5ville: Level 2
44%
EP 2019 Mau5ville: Level 3
44%
EP 2007 Full Circle
39%
Compilation 2008 Project 56
39%
Compilation 2017 stuff i used to do.
39%
Remix Album 2011 The Remixes
39%
EP 2012 The Veldt EP
33%
EP 2013 7
28%
Compilation 2006 A Little Oblique
28%
Compilation 2013 At Play in the USA, Vol. 1
28%
Compilation 2009 It Sounds Like
28%
Compilation 2006 Deadmau5 Circa 1998-2002
22%
EP 2007 Everything Is Complicated
22%
Live Album 2011 Live @ Earl's Court
22%
Compilation 2010 For Lack of a Better Album Title
17%
Live Album 2012 Meowingtons Hax 2k11 Toronto
17%
Collaborative Compilation 2011 Meowingtons Hax Tour Trax
17%
EP 2014 Sunspot (White Space Conflict)
17%
Mix Album 2009 Tech-Trance-Electro Madness
17%
EP 2008 Clockwork
11%
Remix Album 2012 The Remixes Deluxe
11%
EP 2008 Arguru
6%
EP 2007 EP
6%
Live Mix Album 2019 Live at Electric Forest 2018
6%
Remix Album 2012 The Re-Edits
6%
No matching quizzes found
Score Distribution
Percent of People with Each Score
Percentile by Number Answered
Your Score History
You have not taken this quiz since the last reset